书目信息 |
| 题名: |
非常纯情
|
|
| 作者: | 张岩冰 著 | |
| 分册: | ||
| 出版信息: | 济南 山东友谊出版社 2002.09 |
|
| 页数: | 235页 | |
| 开本: | 19cm | |
| 丛书名: | 点击经典文丛 | |
| 单 册: | ||
| 中图分类: | I106.4 | |
| 科图分类: | ||
| 主题词: | 小说--文学评论--世界 | |
| 电子资源: | ||
| ISBN: | 7-80642-576-4 | |
| 000 | 00754nam0 2200229 45 | |
| 001 | 0311170817 | |
| 005 | 20031219104121.5 | |
| 010 | @a7-80642-576-4@dCNY18.00 | |
| 100 | @a20031117d2002 km y0chiy0120 ea | |
| 101 | 0 | @achi |
| 105 | @aa z 000yy | |
| 200 | 1 | @a非常纯情@AFei Chang Chun Qing@e才下眉头,却上心头@ECai Xia Mei Tou,Que Shang Xin Tou@f张岩冰著@FZhang Yan Bing Zhu |
| 210 | @a济南@c山东友谊出版社@d2002.09 | |
| 215 | @a235页@c冠图,插图,附图@d19cm | |
| 225 | @a点击经典文丛@h3 | |
| 410 | @12001 @a点击经典文丛 | |
| 517 | @a才下眉头,却上心头@ACai Xia Mei Tou,Que Shang Xin Tou | |
| 606 | 0 | @a小说@x文学评论@y世界 |
| 690 | @aI106.4@v4 | |
| 701 | @a张岩冰@4著 | |
| 801 | @aCN@bTSTC@c20031117 | |
| 905 | @b328193-197@dI106.4@e108:3@f5 | |
| 非常纯情:才下眉头,却上心头/张岩冰著.-济南:山东友谊出版社,2002.09 |
| 235页:冠图,插图,附图;19cm.-(点击经典文丛.3) |
| ISBN 7-80642-576-4:CNY18.00 |
| ● |
| 相关链接 |
|
|
|
|
正题名:非常纯情
索取号:I106.4/108:3
 
预约/预借
| 序号 | 登录号 | 条形码 | 馆藏地/架位号 | 状态 | 备注 |
| 1 | 0328193 | 203281938 | 第二借阅区/ [索取号:I106.4/108:3] | 在馆 | |
| 2 | 0328194 | 203281947 | 第二借阅区/ [索取号:I106.4/108:3] | 在馆 | |
| 3 | 0328195 | 203281956 | 第二借阅区/ [索取号:I106.4/108:3] | 在馆 | |
| 4 | 0328196 | 203281965 | 第二借阅区/ [索取号:I106.4/108:3] | 在馆 | |
| 5 | 0328197 | 203281974 | 第一样本阅览室/ [索取号:I106.4/108:3] | 在馆 |